EVERY Saiyan Form Ever - Statistics

General Stats
  • This quiz has been taken 28 times
    19 since last reset
  • The average score is 20 of 43
Answer Stats
Series Media Type First Used By Answer % Correct
Dragon Ball Manga Goku Great Ape
100%
Dragon Ball Z Manga Goku Super Saiyan
100%
Dragon Ball Z Manga Gohan Super Saiyan 2
100%
Dragon Ball Z Manga Goku Super Saiyan 3
100%
Dragon Ball GT Anime Goku Super Saiyan 4
100%
Dragon Ball Super Manga Goku Super Saiyan Blue
100%
Dragon Ball Z: Broly Movie Broly (Z) Super Saiyan B-Type
100%
Dragon Ball Super Manga Goku Super Saiyan God
100%
Dragon Ball Super Manga Goku Black Super Saiyan Rose
100%
Dragon Ball Super Anime Vegeta Super Saiyan Blue Evolved
83%
Dragon Ball Super Manga Vegeta Super Saiyan Blue Grade 2
83%
Dragon Ball Super Anime Future Trunks Super Saiyan Rage
83%
Dragon Ball Z: Lord Slug Movie Goku False Super Saiyan
67%
Dragon Ball GT Anime Goku Golden Great Ape
67%
Dragon Ball Z Manga Future Trunks Super Saiyan Grade 3
58%
Dragon Ball Z Manga Vegeta Super Saiyan Grade 2
50%
Dragon Battlers Video Game Broly (Z) Legendary Super Saiyan 3
42%
Dragon Ball Super Manga Goku Perfected Super Saiyan Blue
42%
Dragon Ball Super: Broly Movie Broly (Super) Super Saiyan Full Power
42%
Dragon Ball GT Anime Baby Baby Vegeta
33%
Dragon Ball Super Anime Kefla Legendary Super Saiyan 2
33%
Dragon Ball Z Manga Goku + Gohan Super Saiyan Grade 4
33%
Super Dragon Ball Heroes Anime Crimson Masked Saiyan Super Saiyan Rose Full Power
33%
Dragon Ball GT Anime Baby Baby Vegeta 1
25%
Dragon Ball GT Anime Baby Baby Vegeta 2
25%
Super Dragon Ball Heroes Anime Cumber Evil Super Saiyan
25%
Dragon Ball Super: Broly Movie Broly (Super) Ikari
25%
Dragon Ball DAIMA Anime Goku Super Saiyan 4 (Daima)
25%
Dragon Ball Z: Broly Movie Broly (Z) Super Saiyan A-Type
25%
Dragon Ball Z Anime Goku Super Saiyan Power
25%
Super Dragon Ball Heroes Anime Crimson Masked Saiyan Super Saiyan Rose 2
25%
Super Dragon Ball Heroes Anime Cumber Evil Saiyan
17%
Dragon Ball Z: The Real 4-D Ride Broly (Z) God Broly
17%
Dragon Ball Super Manga Kale Legendary Saiyan
17%
Dragon Ball Z: Broly Movie Broly (Z) Super Saiyan C-Type
17%
Super Dragon Ball Heroes Anime CC Goku Evil Super Saiyan (Berserk)
8%
Super Dragon Ball Heroes Anime CC Vegeta Evil Super Saiyan Blue
8%
Super Dragon Ball Heroes Anime CC Goku Evil Super Saiyan Blue (Berserk)
8%
Super Dragon Ball Heroes Anime Cumber Full Power Super Saiyan 3
8%
Dragon Ball Heroes Video Game Broly (Z) Legendary Great Ape
8%
Dragon Ball Super Manga Kefla Perfected Legendary Saiyan
8%
Dragon Ball GT Anime Goku Super Full Power Super Saiyan 4
8%
Super Dragon Ball Heroes Anime Xeno Goku + Xeno Vegeta Super Full Power Super Saiyan 4 Limitbreaker
8%
No matching quizzes found
Score Distribution
Percent of People with Each Score
Percentile by Number Answered
Your Score History
You have not taken this quiz since the last reset